000 00811ntm a22002177a 4500
008 170802s2011 xx a frb 000 0 eng d
040 _aEG-ScBUE
_beng
_cEG-ScBUE
082 0 4 _222
_a624
_bFAR
100 1 _aFarouk, Mohamed Khaled.
245 1 0 _aIntroducing the private sector in the process of development /
_cMohamed Khaled Farouk.
260 _c2011.
300 _a31 p. :
_bill. ;
_c28 cm.
500 _aA dissertation submitted to The Faculty Of Engineering, The British University In Egypt, in partial fulfillment of the requirements for the bachelor degree in Architectural Engineering.
590 _aNour
650 _2BUEsh
_vProjects
_aArchitecture engineering
653 _bENGARC
_cAugust2017
655 _vSPRO
700 1 _aRashed, Ahmed.
_eths
700 1 _aSheweka,Samar.
_eths
942 _2ddc
999 _c25225
_d25197